00871nam a2200193 4500003000900000020001800009040002800027100003200055245004800087260002100135300005900156490008300215500009900298650005900397650004800456650005700504650007000561650004600631CO-ViMGA a9789585472037 aCO-ViMGAbspacCO-ViMGA1 aGaleano, Juan Carlosd1958-10aCuentos amazónicos c Juan Carlos Galeano aBogotá bIcono a45 páginasb ilustraciones en blanco y negro ; 24 cm aPlan Nacional de Lectura y Escritura Leer es mi Cuento / Ministerio de Cultura aIncluye notas y glosario al final del texto \ Recomendado para un público mayor de 15 años14a Mitologia Indigena - (Amazonas, Region) - Colecciones14aCuentos Juveniles Colombianos - Colecciones14aCuentos Populares - (Amazonas, Region) - Colecciones14aLeyendas Indigenas Colombianas - (Amazonas, Region) - Colecciones14aLiteratura Juvenil Colombiana y Siglo Xx